000
00295nam a22001337a 4500
008
170905b xxu||||| |||| 00| 0 eng d
020
_a
14096366
041
_a
eng
080
_a
616
100
_a
08
101
_a
PED
245
_a
TAKIMI PROFESIONAL MJEKESOR 2011
_c
MURATI,F
942
_2
udc
_c
BK
999
_c
26106
_d
26106